Easy money (Record no. 76313)

MARC details
000 -LEADER
fixed length control field 01025cab a2200193 4500
001 - CONTROL NUMBER
control field ##L132059
008 - FIXED-LENGTH DATA ELEMENTS--GENERAL INFORMATION
fixed length control field 051222n2005 000 0 eng u
035 ## - SYSTEM CONTROL NUMBER
System control number (Sirsi) u132059
041 0# - LANGUAGE CODE
Language code of text/sound track or separate title eng
100 1# - MAIN ENTRY--PERSONAL NAME
Personal name Hemsley, Andrew
245 00 - TITLE STATEMENT
Title Easy money
260 ## - PUBLICATION, DISTRIBUTION, ETC.
Date of publication, distribution, etc. 2005
490 #0 - SERIES STATEMENT
Series statement Building
Volume/sequential designation 270(8410) 9 December 2005, 45(1)
520 ## - SUMMARY, ETC.
Summary, etc. Argues that loopholes as to the costs recoverable by contractors in the NEC's target contract with activity schedule have not been addressed in NEC3. Illustrates how a lack of clarity in target contracts can mean that it is better for a contractor to focus on recovering additional costs from the employer rather than reducing costs with a view to sharing in any savings made. Also highlights ambiguities in the Schedule of Cost Components (SCC) in the NEC.
590 ## - LOCAL NOTE (RLIN)
Local note IKA030106
650 24 - SUBJECT ADDED ENTRY--TOPICAL TERM
Topical term or geographic name entry element NEW ENGINEERING CONTRACT (THIRD EDITION)
690 ## - LOCAL SUBJECT ADDED ENTRY--TOPICAL TERM (OCLC, RLIN)
Topical term or geographic name as entry element BUILT ENVIRONMENT-BUILDING CONTRACT FORMS-STANDARD FORMS OF BUILDING CONTRACT-NEW ENGINEERING CONTRACT CONTRACTS
942 ## - ADDED ENTRY ELEMENTS (KOHA)
Suppress in OPAC 0
Holdings
Withdrawn status Lost status Source of classification or shelving scheme Damaged status Not for loan Home library Current library Shelving location Date acquired Total Checkouts Full call number Barcode Date last seen Copy number Price effective from Koha item type
    Dewey Decimal Classification     London London Journal article 22/12/2005   L132059 132059-1001 06/08/2019 1 06/08/2019 Journal article